20 największych miast w Czechach - Statystyki

Ogólne statystyki
  • Ten quiz został rozwiązany 12 razy
  • Średni wynik to 8 z 20
Statystyki odpowiedzi
Liczba ludności Miasto % Poprawnych
1 397 880 Praga
100%
402 739 Brno
92%
283 187 Ostrawa
92%
108 090 Liberec
83%
187 928 Pilzno
75%
103 063 Ołomuniec
67%
94 311 Hradec Kralove
58%
97 231 Czeskie Budziejowice
50%
49 073 Karlowe Wary
33%
92 319 Pardubice
33%
50 912 Cieplice
25%
53 590 Frydek-Mistek
25%
55 109 Opawa
25%
74 684 Zlin
25%
63 474 Most
17%
54 624 Igława
8%
48 937 Karwina
8%
69 664 Kladno
8%
90 866 Ujście nad Łabą
8%
68 674 Hawirow
0%
Nie znaleziono quizów pasujących do podanych kryteriów
Rozkład punktacji
Procent ludzi z każdym wynikiem
Percentyl według liczby udzielonych odpowiedzi
Twoja historia wyników
Nie rozwiązałeś tego quizu